Give credit where it's due (Record no. 72522)
[ view plain ]
| 000 -LEADER | |
|---|---|
| fixed length control field | 01357cam a2200253 4500 |
| 001 - CONTROL NUMBER | |
| control field | ABS66605 |
| 008 - FIXED-LENGTH DATA ELEMENTS--GENERAL INFORMATION | |
| fixed length control field | 030422n2003 000 0 eng u |
| 035 ## - SYSTEM CONTROL NUMBER | |
| System control number | (Sirsi) u122047 |
| 100 ## - MAIN ENTRY--PERSONAL NAME | |
| Personal name | Lambert, J. |
| 245 ## - TITLE STATEMENT | |
| Title | Give credit where it's due |
| 260 ## - PUBLICATION, DISTRIBUTION, ETC. | |
| Date of publication, distribution, etc. | 2003 |
| 490 ## - SERIES STATEMENT | |
| Series statement | Estates Gazette |
| Volume/sequential designation | (0312) 22 March 2003, 122-124(3) |
| 520 ## - SUMMARY, ETC. | |
| Summary, etc. | A "Mainly for students" article that looks at credit unions, which form part of a distinctive mutual sector in UK financial services. Although there are only 650 credit unions registered in the UK (in 2000), worldwide there are around 30 000 in over 80 countries serving in excess of 100m people. Describes the key operating principles of credit unions comparing them with other types of financial institutions. Credit unions offering low-cost financial services to local people will become more prominent. Since July 2002 new credit unions come under Financial Services Authority regulation and government supports them as a tool to tackle financial exclusion. |
| 590 ## - LOCAL NOTE (RLIN) | |
| Local note | ABS |
| 650 ## - SUBJECT ADDED ENTRY--TOPICAL TERM | |
| Topical term or geographic name entry element | BUILDING SOCIETIES ACT 1986 |
| 650 ## - SUBJECT ADDED ENTRY--TOPICAL TERM | |
| Topical term or geographic name entry element | CREDIT UNIONS |
| 650 ## - SUBJECT ADDED ENTRY--TOPICAL TERM | |
| Topical term or geographic name entry element | FINANCIAL INSTITUTIONS |
| 650 ## - SUBJECT ADDED ENTRY--TOPICAL TERM | |
| Topical term or geographic name entry element | MUTUAL INSURANCE |
| 650 ## - SUBJECT ADDED ENTRY--TOPICAL TERM | |
| Topical term or geographic name entry element | FINANCIAL CO-OPERATIVES |
| 650 ## - SUBJECT ADDED ENTRY--TOPICAL TERM | |
| Topical term or geographic name entry element | BUILDING SOCIETIES |
| 650 ## - SUBJECT ADDED ENTRY--TOPICAL TERM | |
| Topical term or geographic name entry element | DE-MUTUALISATION |
| 690 ## - LOCAL SUBJECT ADDED ENTRY--TOPICAL TERM (OCLC, RLIN) | |
| Topical term or geographic name as entry element | MANAGEMENT-BUSINESS MANAGEMENT-FINANCIAL MANAGEMENT |
| 942 ## - ADDED ENTRY ELEMENTS (KOHA) | |
| Suppress in OPAC | 0 |
| Withdrawn status | Lost status | Source of classification or shelving scheme | Damaged status | Not for loan | Home library | Current library | Shelving location | Date acquired | Total Checkouts | Full call number | Barcode | Date last seen | Copy number | Price effective from | Koha item type |
|---|---|---|---|---|---|---|---|---|---|---|---|---|---|---|---|
| Dewey Decimal Classification | London | London | Journal article | 22/04/2003 | ABS66605 | 122047-1001 | 06/08/2019 | 1 | 06/08/2019 | Journal article |